<?xml version="1.0" encoding="UTF-8"?>
<record
    xmlns:xsi="http://www.w3.org/2001/XMLSchema-instance"
    xsi:schemaLocation="http://www.loc.gov/MARC21/slim http://www.loc.gov/standards/marcxml/schema/MARC21slim.xsd"
    xmlns="http://www.loc.gov/MARC21/slim">

  <leader>02383agaaa2200325   4500</leader>
  <controlfield tag="001">7060</controlfield>
  <controlfield tag="003">IT-RoPAU</controlfield>
  <controlfield tag="005">20220918181229.0</controlfield>
  <controlfield tag="007">d cvaizq</controlfield>
  <controlfield tag="008">50131s9999||||xx ||| |     ||   ||und||</controlfield>
  <datafield tag="040" ind1=" " ind2=" ">
    <subfield code="a">IT-RoPAU</subfield>
    <subfield code="c">IT-RoPAU</subfield>
  </datafield>
  <datafield tag="041" ind1=" " ind2=" ">
    <subfield code="a">ITALIANO</subfield>
  </datafield>
  <datafield tag="100" ind1=" " ind2=" ">
    <subfield code="a">Sollima Sergio</subfield>
    <subfield code="g">Codice regista SPICS: 30774</subfield>
    <subfield code="9">39550</subfield>
  </datafield>
  <datafield tag="130" ind1=" " ind2=" ">
    <subfield code="a">PASSI D'AMORE</subfield>
    <subfield code="9">39551</subfield>
  </datafield>
  <datafield tag="245" ind1=" " ind2=" ">
    <subfield code="a">PASSI D'AMORE</subfield>
    <subfield code="c">Prodotto da: Mazza' Alfredo -- Sceneggiatura: Buzzo Silvana Di Geronimo Bruno Verucci Franco -- Diretto da: Sollima Sergio</subfield>
    <subfield code="p">PASSI D'AMORE (Rif. Codice opera principale : 87060)</subfield>
  </datafield>
  <datafield tag="250" ind1=" " ind2=" ">
    <subfield code="a">Edizione Standard</subfield>
  </datafield>
  <datafield tag="260" ind1=" " ind2=" ">
    <subfield code="a">ROMA - PARIGI (ITALIA)</subfield>
    <subfield code="b">RAIUNO - TELECIP / Distribuzione: RAI UNO</subfield>
    <subfield code="g">"1989 (1&#xB0; ed.: 1990 ; Ed. Lingua Orig.: 1989)"</subfield>
  </datafield>
  <datafield tag="300" ind1=" " ind2=" ">
    <subfield code="a">VHS</subfield>
    <subfield code="b">sonoro, col.</subfield>
    <subfield code="c">200 minuti</subfield>
  </datafield>
  <datafield tag="508" ind1=" " ind2=" ">
    <subfield code="a">"Fotografia: Di Battista Giorgio; Montaggio: Cersosimo Giancarlo; Musica: De Angelis Guido; Sceneggiatura: Buzzo Silvana Di Geronimo Bruno Verucci Franco; Scenografia: Narducci Maurizia; Soggetto: Casa Marzio -- Pavignano Anna"</subfield>
  </datafield>
  <datafield tag="511" ind1=" " ind2=" ">
    <subfield code="a">"Martinez Alessandra; Olbrychski Daniel; Dalric Jean; Gazzolo Matteo; Saraceni Laura"</subfield>
  </datafield>
  <datafield tag="520" ind1=" " ind2=" ">
    <subfield code="a">LISA UNA TRANQUILLA RAGAZZA VENETA LASCIA LA SUA FAMIGLIA PER TRASFERIRSI A MILANO DOVE FREQUENTERA' L'ULTIMO ANNO DELLA SCUOLA DI BALLO DELLA SCALA LISA SCOPRE BEN PRESTO LA COMPETIZIONE CHE REGNA ALL'INTERNO DELLA SCUOLA DELLE OTTO RAGAZZE DEL CORSO SOLTANTO UNA DIVENTERA' UNA ETOILE ANDREJ UN GRANDE COREOGRAFO RUSSO SI ACCORGE DEL TALENTO DI LISA MA TUTTO PRECIPITA LA RAGAZZA E' INCINTA E DEVE RINUNCIARE AI SUOI SOGNI LISA ACCETTA LA GRAVIDANZA FRUTTO DI UN RAPPORTO OCCASIONALE CON STEFANO DARIO GIOVANE MUSICISTA LERESTITUISCE FIDUCIA NELLA VITA E' UN AMORE TENERO INSIDIATO DAL COREOGRAFORUSSO ANDREJ CHE HA PER LISA UN INTERESSE NON SOLO PROFESSIONALE L'OCCASIONE PER DIVENTARE UNA GRANDE STELLA E' ANCORA VICINA MA LISA DEVE SCEGLIERE</subfield>
  </datafield>
  <datafield tag="538" ind1=" " ind2=" ">
    <subfield code="a">PAL, STEREO</subfield>
  </datafield>
  <datafield tag="546" ind1=" " ind2=" ">
    <subfield code="a">ITALIANO</subfield>
  </datafield>
  <datafield tag="650" ind1=" " ind2=" ">
    <subfield code="a">SENTIMENTALE</subfield>
    <subfield code="e">TV-SCENEGGIATI E TELEFILM [VHS]</subfield>
    <subfield code="x">Codice MATERIA SPICS: 9966</subfield>
    <subfield code="9">39552</subfield>
  </datafield>
  <datafield tag="700" ind1=" " ind2=" ">
    <subfield code="a">Casa Marzio </subfield>
    <subfield code="e">(soggetto)</subfield>
    <subfield code="g">Codice Soggetto SPICS: 30772</subfield>
    <subfield code="9">39553</subfield>
  </datafield>
  <datafield tag="700" ind1=" " ind2=" ">
    <subfield code="a">De Angelis Guido</subfield>
    <subfield code="e">(musica)</subfield>
    <subfield code="g">Codice Musica SPICS: 10854</subfield>
    <subfield code="9">39554</subfield>
  </datafield>
  <datafield tag="700" ind1=" " ind2=" ">
    <subfield code="a">Pavignano Anna </subfield>
    <subfield code="e">(soggetto)</subfield>
    <subfield code="g">Codice Soggetto 2&#xB0; SPICS: 30773</subfield>
    <subfield code="9">39555</subfield>
  </datafield>
  <datafield tag="700" ind1=" " ind2=" ">
    <subfield code="a">Sollima Sergio </subfield>
    <subfield code="e">(regista)</subfield>
    <subfield code="g">Codice regista SPICS: 30774</subfield>
    <subfield code="9">39556</subfield>
  </datafield>
  <datafield tag="942" ind1=" " ind2=" ">
    <subfield code="c">VH</subfield>
    <subfield code="2">ddc</subfield>
  </datafield>
  <datafield tag="999" ind1=" " ind2=" ">
    <subfield code="c">105114</subfield>
    <subfield code="d">105114</subfield>
  </datafield>
  <datafield tag="952" ind1=" " ind2=" ">
    <subfield code="0">0</subfield>
    <subfield code="1">0</subfield>
    <subfield code="4">0</subfield>
    <subfield code="6">87060_000000000000000</subfield>
    <subfield code="7">1</subfield>
    <subfield code="a">SPICS</subfield>
    <subfield code="b">SPICS</subfield>
    <subfield code="d">2015-01-31</subfield>
    <subfield code="l">0</subfield>
    <subfield code="o">87060</subfield>
    <subfield code="r">2015-01-31 00:00:00</subfield>
    <subfield code="w">2015-01-31</subfield>
    <subfield code="y">VH</subfield>
    <subfield code="z">Progr. Ins.: 2744 / N.Vol.:2 / Copie: 1 / Pag.:0 / Copia rara: n.d. / date import: 1.2.2015 / By Epidotti, Trombetti, Vaglietti</subfield>
  </datafield>
</record>
